=LDR 00000nam 2200000 4500 =001 INLIS000000000010041 =005 20250422024001 =035 ##$$a 0010-061300000010041 =008 250422###########################0#ind## =041 ##$$a Ind =082 ##$$a 028.5 =090 ##$$a 028.5, Ber h =100 ##$$a Bertino, Andree =245 1#$$a Hentikan semua perang, Andree Bertino /$c , Andree Bertino =260 ##$$a Bogor,$c 1995 =300 ##$$a 24 hlm : $b ilus ; $c 19 x 17 cm =850 ##$$a NBPNMAT =084 ##$$a 028.5 BER h =990 ##$$a 30700337